00472nam a2200157Ia 450000500170000000800410001708200130005810000200007124500290009126000410012030000120016165000250017394200060019895200950020499900150029920250522013104.0240331s9999 xx 000 0 und d a301bSEN aSenthivel, C.K. 0aManitarum samuka vaalvum aNeervelibThayagam Pathippagamc1994 a80 p ., aSocial History notes cL 001040708LaWERCLbWERCLcSSCd2024-03-31l0o 301 SENp3597r2024-03-31w2024-03-31yL c1077d1077